000 00573nam a2200205 a 4500
001 16120
003 CO-ViMGA
008 141112s2004 ck r 000 u spa d
020 _a8476729782
040 _aCO-ViMGA
_bspa
_cCO-ViMGA
082 0 4 _a843.8 Z651m
100 1 _aZola, Emile
_916498
245 1 0 _aNaná
260 _aBarcelona (España) :
_bEdicomunicación s.a.1999
300 _a382.p.
590 _aForma de adquisición : Premio - Mincultura
650 1 4 _aMUJERES - CONDICIONES SOCIALES - NOVELA
_923051
650 1 4 _aNOVELA FRANCESA
_92629
942 _2ddc
_cBK
999 _c26045
_d26045